000
00330nam a22001457a 4500
003
OSt
008
240127b |||||||| |||| 00| 0 eng d
020
_a
9780143422259
100
_a
MURTY,Sudha
245
_a
The Mother I Never Knew
250
_a
1st Ed
260
_a
USA
_b
Penguin Books
_c
2014
300
_a
207
942
_2
ddc
_c
BK
999
_c
12199
_d
12199